Toán tài chính ứng dụng : Hướng dẫn thực hành chi tiết bằng excel /
Saved in:
| Main Author: | |
|---|---|
| Format: | Book (Paper) |
| Language: | Vietnamese |
| Published: |
H. :
Thống kê,
2011.
|
| Subjects: | |
| Tags: |
Add Tag
No Tags, Be the first to tag this record!
|
| Institutions: | Thư viện Trường Đại học Đà Lạt |
|---|
| LEADER | 00991nam a2200313 4500 | ||
|---|---|---|---|
| 001 | DLU130147736 | ||
| 005 | ##20130520 | ||
| 040 | # | # | |a DLU |b vie |
| 041 | # | # | |a vie |
| 044 | # | # | |a vn |
| 082 | # | # | |a 658.150 151 |b DO-T |
| 100 | # | # | |a Đỗ Thiên Anh Tuấn. |
| 245 | # | # | |a Toán tài chính ứng dụng : |b Hướng dẫn thực hành chi tiết bằng excel / |c Đỗ Thiên Anh Tuấn. |
| 260 | # | # | |a H. : |b Thống kê, |c 2011. |
| 300 | # | # | |a 545 tr. ; |c 24 cm. |
| 504 | # | # | |a Tài liệu tham khảo: tr.533. |
| 505 | # | # | |a Chương 1. Lãi đơn -- Chương 2. Lãi kép -- Chương 3. Chiết khấu giấy tờ có giá -- Chương 4. Tài khoản vãng lai -- Chương 5. Niên kim -- Chương 6. Vay vốn. |
| 650 | # | # | |a Toán học tài chính. |
| 923 | # | # | |a 08/2012 |
| 991 | # | # | |a GT |
| 992 | # | # | |a 78000 |
| 994 | # | # | |a DLU |
| 900 | # | # | |a True |
| 911 | # | # | |a Đào Thị Thu Huyền |
| 925 | # | # | |a G |
| 926 | # | # | |a A |
| 927 | # | # | |a SH |
| 980 | # | # | |a Thư viện Trường Đại học Đà Lạt |